Enrique Larreta : novelista hispano-argentino (1873-1961) /

Gardado en:
Detalles Bibliográficos
Autor Principal: Jansen, André (autor)
Formato: Libro
Idioma:Lingua castelá
Publicado: Madrid, España : Cultura Hispánica, 1967, c1967
Temas:
Etiquetas: Engadir etiqueta
Sen Etiquetas, Sexa o primeiro en etiquetar este rexistro!

MARC

LEADER 00000nam^a2200000^a^4500
001 000148223
005 20250521000000.0
009 20260310100016.325
037 |a Acervo ITESO - Biblioteca 
041 |a ESP 
082 |a 860. 982063  |b JAN 
100 |a Jansen, André  |e (autor) 
245 1 0 |a Enrique Larreta :  |b novelista hispano-argentino (1873-1961) /  |c A. Jansen ; pról. de Arturo Berenguer Carisomo ; tr. por Fernando Murillo Rubiera. 
264 4 |a Madrid, España :  |b Cultura Hispánica,  |c 1967, c1967 
300 |a 349 p. 
336 |a texto  |b txt  |2 rdacontenido 
337 |a sin mediación  |b n  |2 rdamedio 
338 |a volumen  |b nc  |2 rdasoporte 
649 |a XX 
650 |a Escritores Argentinos 
650 |a Novela Argentina -  |x Historia y Crítica 
650 |a Literatura Argentina -  |x Historia y Crítica 
650 |a Literatura Argentina -  |y Siglo XX 
650 |a Ensayos Belgas 
650 |a Literatura Belga -  |y Siglo XX 
910 |a Fondo Salvador Reynoso Reynoso 
920 |a Impresos - Libros 
930 |a Fondos Especiales 
940 |a Literatura 
905 |a 112 
901 |a 0500077419  |b IT2  |c ESP  |u 20250521 
902 |a https://opac.biblio.iteso.mx/vufind/Record/000148223